000 00618nam a2200181 i 4500
001 19842
003 ES-MaACL
005 20230906152157.0
007 t|
008 021022s1913 sp ||||1| spa d
100 1 _aÁlvarez Quintero, Serafín,
_d1871-1938
_9226443
245 1 0 _aHablando se entiende la gente
_b: entremés /
_cSerafín y Joaquín Alvarez Quintero.
260 _aMadrid :
_b[s.n.],
_c1913 (
_fImp. de Regino Velasco)
300 _a17 p. ;
_c19 cm.
700 1 _aÁlvarez Quintero, Joaquín,
_d1873-1944
_920922
852 _aES-MaACL
_jF-8662
_q. - Encuadernado con otras obras
999 _c19842
_d19842